Sports Quiz

Random Sports or Baseball Quiz
Score 0/50 Timer 20:00
0 Plays Today
Anagram HOFer % Correct
Bah! BruteBabe Ruth
60.8%
Parry, Old GreyGaylord Perry
58.1%
Wham! Boner killer.Harmon Killebrew
44.6%
Uglier hogLou Gehrig
41.9%
Yak found saxSandy Koufax
39.2%
Salami NutsStan Musial
36.5%
Anger MojoJoe Morgan
36.5%
Rook clubLou Brock
33.8%
Sinker DudeDuke Snider
32.4%
Not DonutsDon Sutton
31.1%
Real ritzy smacksCarl Yastrzemski
29.7%
Oral nannyNolan Ryan
28.4%
Act, ye milkmen!Mickey Mantle
27%
Inborn rook sobsBrooks Robinson
27%
Body RobberBobby Doerr
27%
Not ArsonRon Santo
27%
Yea, I'll swimWillie Mays
25.7%
Steam OverTom Seaver
25.7%
Begot RegretGeorge Brett
23%
Repeats riskTris Speaker
23%
Ashen, torn jowlWalter Johnson
21.6%
Absurd Old HonorsOld Hoss Radbourn
21.6%
Polar UltimoPaul Molitor
20.3%
Canker LipCal Ripken
20.3%
Pitches algaeSatchel Paige
18.9%
Anagram HOFer % Correct
Snake BrineErnie Banks
18.9%
Holier PinkPhil Niekro
17.6%
Ick! Perky ButtKirby Puckett
17.6%
Rowdy ThiefWhitey Ford
17.6%
Irony: He's redneckRickey Henderson
16.2%
Mislaid WeltTed Williams
16.2%
Flawed, divineDave Winfield
14.9%
Dimmest hickMike Schmidt
14.9%
Shear gnu nowHonus Wagner
14.9%
Will elate girlsWillie Stargell
14.9%
Grislier FelonRollie Fingers
13.5%
Falcon skirtCarlton Fisk
13.5%
Reborn BistroRobin Roberts
12.2%
Butt RescuerBruce Sutter
12.2%
Sadly DronedDon Drysdale
12.2%
Nails MomsAl Simmons
10.8%
Manic hula jarJuan Marichal
10.8%
Troy BunionRobin Yount
10.8%
Yes, Rednecks LieDennis Eckersley
6.8%
Angry BendersRyne Sandberg
6.8%
Rued midyearEddie Murray
5.4%
Paroled DeaconOrlando Cepeda
5.4%
Darn YellowLloyd Waner
4.1%
Cindered HotnessRed Schoendienst
4.1%
Carnal MaypoleRoy Campanella
2.7%
Remove Ads.
Support Sporcle.
Get the best of Sporcle when you Go Orange. This ad-free experience offers more features, more stats, and more fun while also helping to support Sporcle. Thank you for becoming a member.

You're not logged in!

Compare scores with friends on all Sporcle quizzes.
OR
Log In

Show Comments

Extras

Top Quizzes Today


Score Distribution

Your Account Isn't Verified!

In order to create a playlist on Sporcle, you need to verify the email address you used during registration. Go to your Sporcle Settings to finish the process.

Report this User

Report this user for behavior that violates our Community Guidelines.

Details: